| 000 | 00787cam a2200217 4500 | ||
|---|---|---|---|
| 001 | ABS62871 | ||
| 008 | 000000n2000 000 0 eng u | ||
| 035 | _a(Sirsi) u108367 | ||
| 100 | _aWeller, D. | ||
| 245 | _aGoing soft | ||
| 260 | _c2000 | ||
| 490 |
_aPremises and Facilities Management _vSeptember 2000, 23-24(2) |
||
| 520 | _aExplains why the ability to offer 'soft' facilities management can provide a competitive advantage when negotiating with prospective clients. Soft facilities management includes cleaning, reception and grounds maintenance. | ||
| 590 | _aABS | ||
| 650 |
_aFACILITIES MANAGEMENT _96240 |
||
| 650 | _aSOFT FACILITIES MANAGEMENT | ||
| 650 | _aOUTSOURCING | ||
| 650 | _aCONTRACT WORKERS | ||
| 690 | _aMANAGEMENT-FACILITIES MANAGEMENT | ||
| 942 | _n0 | ||
| 999 |
_c64700 _d64700 |
||